Statistics for Заставе Северне Америке

Click here to take the quiz!

General Stats

  • This quiz has been taken 532 times
  • The average score is 16 of 23

Answer Stats

Answer% Correct
Канада
100%
Сједињене Америчке Државе
99%
Мексико
98%
Куба
88%
Јамајка
87%
Панама
82%
Хондурас
78%
Барбадос
75%
Костарика
74%
Доминиканска Република
72%
Ел Салвадор
71%
Никарагва
68%
Гватемала
68%
Хаити
64%
Белизе
63%
Света Луција
63%
Тринидад и Тобаго
61%
Бахами
60%
Доминика
59%
Антигва и Барбуда
58%
Гренада
54%
Свети Винсент и Гренадини
41%
Свети Кристофер и Невис
41%

Score Distribution

Percentile by Number Answered

Percent of People with Each Score

Your Score History

You have not taken this quiz